[Event "Stay Safe Play From Home 231"]
[Site "Emanuel Lasker Arena"]
[Date "2020.06.16"]
[Round "5"]
[White "Mehrdadahouran"]
[Black "Shyamph1980"]
[Result "1/2-1/2"]
[WhiteElo "1970"]
[BlackElo "1669"]
[Annotator "NA"]
[PlyCount "144"]
[EventDate "2020.06.16"]
[EventType "swiss (blitz)"]

1. d4 {[%emt 0:00:04]} d5 {[%emt 0:00:02]} 2. Bf4 {[%emt 0:00:01]} e6 {[%emt 0:00:07]} 3. c3 {[%emt 0:00:02]} Bd6 {[%emt 0:00:01]} 4. Bg3 {[%emt 0:00:02]} Bxg3 {[%emt 0:00:02]} 5. hxg3 {[%emt 0:00:01]} Nf6 {[%emt 0:00:00]} 6. e3 {[%emt 0:00:02]} Nbd7 {[%emt 0:00:00]} 7. Bd3 {[%emt 0:00:02]} c5 {[%emt 0:00:01]} 8. Nf3 {[%emt 0:00:03]} c4 {[%emt 0:00:01]} 9. Bc2 {[%emt 0:00:01]} b5 {[%emt 0:00:01]} 10. b3 {[%emt 0:00:02]} a5 {[%emt 0:00:01]} 11. a4 {[%emt 0:00:01]} b4 {[%emt 0:00:04]} 12. bxc4 {[%emt 0:00:02]} dxc4 {[%emt 0:00:02]} 13. cxb4 {[%emt 0:00:12]} axb4 {[%emt 0:00:01]} 14. Qd2 {[%emt 0:00:16]} c3 {[%emt 0:00:24]} 15. Qe2 {[%emt 0:00:04]} Qb6 {[%emt 0:00:09]} 16. Qd1 {[%emt 0:00:03]} Ke7 {[%emt 0:00:39]} 17. O-O {[%emt 0:00:03]} Ba6 {[%emt 0:00:06]} 18. Re1 {[%emt 0:00:02]} Rhb8 {[%emt 0:00:00]} 19. Bb3 {[%emt 0:00:06]} Rc8 {[%emt 0:00:11]} 20. Qc2 {[%emt 0:00:06]} Bc4 {[%emt 0:00:09]} 21. Nxc3 {[%emt 0:00:07]} Bxb3 {[%emt 0:00:12]} 22. Qxb3 {[%emt 0:00:03]} Rxc3 {[%emt 0:00:01]} 23. Qb2 {[%emt 0:00:02]} Rac8 {[%emt 0:00:03]} 24. Reb1 {[%emt 0:00:04]} b3 {[%emt 0:00:06]} 25. Qa3+ {[%emt 0:00:06]} Ke8 {[%emt 0:00:02]} 26. Rb2 {[%emt 0:00:02]} Ne4 {[%emt 0:00:07]} 27. Rab1 {[%emt 0:00:02]} Rc1+ {[%emt 0:00:08]} 28. Kh2 {[%emt 0:00:12]} Rxb1 {[%emt 0:00:07]} 29. Rxb1 {[%emt 0:00:01]} Rc3 {[%emt 0:00:04]} 30. a5 {[%emt 0:00:06]} b2 {[%emt 0:00:23]} 31. Qxb2 {[%emt 0:00:05]} Qxa5 {[%emt 0:00:04]} 32. Nd2 {[%emt 0:00:17]} Nxd2 {[%emt 0:00:12]} 33. Qxd2 {[%emt 0:00:00]} Qc7 {[%emt 0:00:02]} 34. Rd1 {[%emt 0:00:15]} Nf6 {[%emt 0:00:02]} 35. f3 {[%emt 0:00:14]} Nh5 {[%emt 0:00:03]} 36. f4 {[%emt 0:00:04]} Nf6 {[%emt 0:00:08]} 37. Qe2 {[%emt 0:00:05]} Kf8 {[%emt 0:00:04]} 38. Rd3 {[%emt 0:00:18]} Rc2 {[%emt 0:00:03]} 39. Qf3 {[%emt 0:00:02]} g6 {[%emt 0:00:05]} 40. e4 {[%emt 0:00:02]} Qc6 {[%emt 0:00:08]} 41. d5 {[%emt 0:00:02]} exd5 {[%emt 0:00:02]} 42. exd5 {[%emt 0:00:00]} Qd6 {[%emt 0:00:05]} 43. Kh3 {[%emt 0:00:09]} Rc5 {[%emt 0:00:02]} 44. Re3 {[%emt 0:00:15]} Qxd5 {[%emt 0:00:04]} 45. Qe2 {[%emt 0:00:01]} Kg7 {[%emt 0:00:02]} 46. g4 {[%emt 0:00:02]} Rc4 {[%emt 0:00:07]} 47. Qf2 {[%emt 0:00:01]} Qd6 {[%emt 0:00:02]} 48. Rf3 {[%emt 0:00:01]} Qd4 {[%emt 0:00:01]} 49. g3 {[%emt 0:00:02]} Qxf2 {[%emt 0:00:02]} 50. Rxf2 {[%emt 0:00:00]} Rc3 {[%emt 0:00:01]} 51. g5 {[%emt 0:00:01]} Ne4 {[%emt 0:00:01]} 52. Rg2 {[%emt 0:00:00]} Nxg3 {[%emt 0:00:02]} 53. Rxg3 {[%emt 0:00:01]} Rxg3+ {[%emt 0:00:01]} 54. Kxg3 {[%emt 0:00:00]} f6 {[%emt 0:00:01]} 55. Kg4 {[%emt 0:00:01]} fxg5 {[%emt 0:00:01]} 56. fxg5 {[%emt 0:00:01]} h6 {[%emt 0:00:01]} 57. gxh6+ {[%emt 0:00:01]} Kxh6 {[%emt 0:00:01]} 58. Kh4 {[%emt 0:00:00]} g5+ {[%emt 0:00:01]} 59. Kg4 {[%emt 0:00:00]} Kg6 {[%emt 0:00:00]} 60. Kg3 {[%emt 0:00:00]} Kf5 {[%emt 0:00:01]} 61. Kf3 {[%emt 0:00:01]} g4+ {[%emt 0:00:01]} 62. Kg3 {[%emt 0:00:01]} Kg5 {[%emt 0:00:01]} 63. Kg2 {[%emt 0:00:00]} Kf5 {[%emt 0:00:03]} 64. Kg3 {[%emt 0:00:02]} Kg5 {[%emt 0:00:01]} 65. Kg2 {[%emt 0:00:01]} Kf4 {[%emt 0:00:00]} 66. Kf2 {[%emt 0:00:01]} g3+ {[%emt 0:00:01]} 67. Kg2 {[%emt 0:00:01]} Kg4 {[%emt 0:00:00]} 68. Kg1 {[%emt 0:00:01]} Kf3 {[%emt 0:00:01]} 69. Kf1 {[%emt 0:00:01]} Kf4 {[%emt 0:00:04]} 70. Kg2 {[%emt 0:00:03]} Kg4 {[%emt 0:00:01]} 71. Kg1 {[%emt 0:00:00]} Kg5 {[%emt 0:00:01]} 72. Kg2 {[%emt 0:00:01]} Kg4 {[%emt 0:00:01] (Lag: Av=0.64s, max=1.0s)} 1/2-1/2

[Event "Stay Safe Play From Home 231"]
[Site "Emanuel Lasker Arena"]
[Date "2020.06.16"]
[Round "5"]
[White "souchov"]
[Black "Fortesfortunaadiuvat"]
[Result "1-0"]
[WhiteElo "1757"]
[BlackElo "1400"]
[Annotator "NA RC"]
[PlyCount "35"]
[EventDate "2020.06.16"]
[EventType "swiss (blitz)"]

1. e4 {[%emt 0:00:30]} e5 {[%emt 0:00:02]} 2. Nf3 {[%emt 0:00:01]} Nc6 {[%emt 0:00:01]} 3. Bb5 {[%emt 0:00:01]} d6 {[%emt 0:00:02]} 4. d4 {[%emt 0:00:02]} Bd7 {[%emt 0:00:01]} 5. Nc3 {[%emt 0:00:07]} exd4 {[%emt 0:00:03]} 6. Nxd4 {[%emt 0:00:02]} Nxd4 {[%emt 0:00:01]} 7. Bxd7+ {[%emt 0:00:00]} Qxd7 {[%emt 0:00:01]} 8. Qxd4 {[%emt 0:00:00]} c5 {[%emt 0:00:01]} 9. Qd1 {[%emt 0:00:06]} Nf6 {[%emt 0:00:01]} 10. Bg5 {[%emt 0:00:02]} Be7 {[%emt 0:00:02]} 11. Qd2 {[%emt 0:00:03]} O-O {[%emt 0:00:02]} 12. O-O {[%emt 0:00:06]} Ng4 {[%emt 0:00:04]} 13. Bxe7 {[%emt 0:00:03]} Qxe7 {[%emt 0:00:02]} 14. Rad1 {[%emt 0:00:01]} Rfd8 {[%emt 0:00:05]} 15. Rfe1 {[%emt 0:00:03]} Qh4 {[%emt 0:00:04]} 16. h3 {[%emt 0:00:02]} Ne5 {[%emt 0:00:04]} 17. Nd5 {[%emt 0:00:03]} Qg5 {[%emt 0:00:11]} 18. Qxg5 {[%emt 0:00:02] Fortesfortunaadiuvat gibt auf (Lag: Av=0.29s, max=0.5s)} 1-0

[Event "Stay Safe Play From Home 231"]
[Site "Emanuel Lasker Arena"]
[Date "2020.06.16"]
[Round "5"]
[White "Timbre"]
[Black "Don59as"]
[Result "0-1"]
[WhiteElo "1690"]
[BlackElo "1973"]
[Annotator "NA"]
[PlyCount "72"]
[EventDate "2020.06.16"]
[EventType "swiss (blitz)"]

1. d4 {[%emt 0:00:02]} d5 {[%emt 0:00:02]} 2. Nf3 {[%emt 0:00:01]} g6 {[%emt 0:00:21]} 3. c3 {[%emt 0:00:03]} Bg7 {[%emt 0:00:01]} 4. Bf4 {[%emt 0:00:02]} c6 {[%emt 0:00:02]} 5. e3 {[%emt 0:00:01]} Nf6 {[%emt 0:00:02]} 6. Be2 {[%emt 0:00:02]} O-O {[%emt 0:00:01]} 7. Nbd2 {[%emt 0:00:02]} Ne4 {[%emt 0:00:01]} 8. Nxe4 {[%emt 0:00:02]} dxe4 {[%emt 0:00:00]} 9. Nd2 {[%emt 0:00:01]} f5 {[%emt 0:00:02]} 10. O-O {[%emt 0:00:01]} Nd7 {[%emt 0:00:02]} 11. Nc4 {[%emt 0:00:03]} b5 {[%emt 0:00:04]} 12. Na3 {[%emt 0:00:10]} e5 {[%emt 0:00:03]} 13. dxe5 {[%emt 0:00:03]} Nxe5 {[%emt 0:00:03]} 14. Bxe5 {[%emt 0:00:05]} Bxe5 {[%emt 0:00:02]} 15. Qb3+ {[%emt 0:00:04]} Kh8 {[%emt 0:00:16]} 16. Nc2 {[%emt 0:00:02]} a6 {[%emt 0:00:12]} 17. Nd4 {[%emt 0:00:02]} Qf6 {[%emt 0:00:07]} 18. g3 {[%emt 0:00:10]} c5 {[%emt 0:00:04]} 19. Nc2 {[%emt 0:00:03]} Be6 {[%emt 0:00:02]} 20. c4 {[%emt 0:00:04]} Rfb8 {[%emt 0:00:09]} 21. a3 {[%emt 0:00:07]} Bxb2 {[%emt 0:00:03]} 22. Rab1 {[%emt 0:00:06]} Be5 {[%emt 0:00:08]} 23. Rbd1 {[%emt 0:00:12]} a5 {[%emt 0:00:11]} 24. Qb1 {[%emt 0:00:02]} bxc4 {[%emt 0:00:06]} 25. Qa2 {[%emt 0:00:06]} Rb2 {[%emt 0:00:05]} 26. Bxc4 {[%emt 0:00:04]} Rxa2 {[%emt 0:00:06]} 27. Bxe6 {[%emt 0:00:02]} Qxe6 {[%emt 0:00:07]} 28. Ne1 {[%emt 0:00:03]} Rxa3 {[%emt 0:00:05]} 29. Ng2 {[%emt 0:00:02]} Rd3 {[%emt 0:00:01]} 30. Rb1 {[%emt 0:00:03]} a4 {[%emt 0:00:02]} 31. Rb7 {[%emt 0:00:06]} a3 {[%emt 0:00:05]} 32. Rfb1 {[%emt 0:00:03]} a2 {[%emt 0:00:02]} 33. Re1 {[%emt 0:00:07]} a1=Q {[%emt 0:00:04]} 34. h3 {[%emt 0:00:08]} Qxe1+ {[%emt 0:00:06]} 35. Nxe1 {[%emt 0:00:02]} Rd1 {[%emt 0:00:01]} 36. Kf1 {[%emt 0:00:02]} Raa1 {[%emt 0:00:01] Timbre resigns (Lag: Av=0.43s, max=1.0s)} 0-1

[Event "Stay Safe Play From Home 231"]
[Site "Emanuel Lasker Arena"]
[Date "2020.06.16"]
[Round "6"]
[White "Lazieri3"]
[Black "Dukic"]
[Result "1-0"]
[WhiteElo "2056"]
[BlackElo "2062"]
[Annotator "TA"]
[PlyCount "131"]
[EventDate "2020.06.16"]
[EventType "swiss (blitz)"]

{[%evp 9,131,56,59,50,68,32,32,12,15,14,24,-14,-12,-91,-37,-145,-133,-131,-116,-128,-31,-108,-82,-129,-127,-149,-110,-126,-123,-137,-134,-154,-120,-169,-138,-132,-93,-115,-104,-103,-91,-85,-42,-48,0,0,0,-99,-68,-169,-141,-126,-150,-139,-114,-191,-193,-177,-169,-175,-121,-105,-7,-7,-7,-12,-4,-56,538,541,545,541,1203,1044,12840,12840,12841,12841,12841,12842,12843,12841,12842,12841,12843,12841,12843,12843,12844,12843,12847,12843,12845,12844,12844,0,12845,12843,12845,12845,12846,12847,12850,12848,12849,12849,12850,12850,12851,27999,27999,27999,27999,27999,27999,27999,27999,27999,27996,27996,27998,27997,27998,27996]} 1. e4 c6 2. d4 d6 3. Nf3 Bg4 4. Be2 Nd7 5. h3 Bh5 6. O-O {B12: Caro-Kann: Advance Variation.} e5 7. c3 Ngf6 {[#]} 8. Bg5 $146 {White is slightly better.} ({Predecessor:} 8. Nbd2 Be7 9. Qc2 O-O 10. Re1 Qc7 11. Bf1 Rfe8 12. b3 Nf8 13. Bb2 Rad8 14. c4 N6d7 15. b4 {½-½ (15) Savic,M (2533)-Miladinovic,I (2607) Vrsac 2007}) 8... Be7 9. Nbd2 O-O 10. Nh2 Bg6 11. Bd3 (11. dxe5 $11 {remains equal.} dxe5 12. Bxf6 Nxf6 13. Qc2) 11... d5 (11... exd4 $17 12. cxd4 d5) 12. f3 (12. Bxf6 $15 Bxf6 13. dxe5 Nxe5 14. Bc2) 12... Qb6 13. Qb3 Qxb3 14. Nxb3 dxe4 (14... exd4 $17 15. Nxd4 Rfe8) 15. fxe4 (15. Bxe4 $15 exd4 16. Bxg6 hxg6 17. Nxd4) 15... Rfe8 (15... exd4 {looks sharper.} 16. cxd4 Bd8 17. Rae1 Re8 18. Nf3 Nxe4 19. Bxd8 Raxd8 20. Bxe4 Bxe4 21. Na5 c5) 16. Rae1 exd4 17. Nxd4 Nxe4 18. Bxe4 Bxg5 19. Bxg6 hxg6 20. Nhf3 Bf4 21. Kf2 Nf6 22. g3 Bh6 23. Kg2 Ne4 24. Re2 c5 25. Nb5 {With the idea Nc7.} Nf6 (25... Rac8 {seems wilder.} 26. Rfe1 f5 27. Nxa7 Ra8 28. Nb5 Rxa2 29. Rd1 Kh7) 26. Rfe1 Rxe2+ (26... Red8 {is more complex.} 27. a4 a6 28. Na3 b6 29. Ne5 Rac8) 27. Rxe2 a6 28. Na3 (28. Nd6 $11) 28... b5 29. Re7 (29. c4 $15) 29... Nd5 30. Rd7 Ne3+ 31. Kf2 b4 32. cxb4 (32. Nb1 $17) 32... cxb4 $19 33. Nb1 Rc8 34. Ne5 Rc2+ ({Black should play} 34... f6 $19 35. Nd3 Rc2+ 36. Kf3 Nf5) 35. Kf3 $17 {Threatens to win with Rd8+.} Rxb2 (35... Nf1 $17 36. Rd8+ Kh7 37. Nxf7 g5) 36. Rd8+ $11 Kh7 37. Nxf7 {[%csl Gf7][%cal Rd8h8]} g5 {aiming for ...Nf1.} 38. Nd2 {[#]} ({Better is} 38. Kxe3 $11 Rxb1 39. Kd4) 38... Rxd2 $2 {[%mdl 8192] White now steadily converts the win.} (38... g4+ $1 $15 {[%mdl 512] stays ahead.} 39. hxg4 {[#]} Nxg4 $1 {[%mdl 512]}) 39. Rxd2 $18 g4+ 40. hxg4 Nxg4 41. Nxh6 Nxh6 {[%mdl 4096] Endgame KR-KN} 42. Rd6 a5 43. Ra6 Nf5 44. Rxa5 Nd4+ 45. Kg2 Nc2 46. Rc5 Na3 47. Rc7 Kg6 48. Rb7 Nc2 49. Kf2 Kf5 50. Ke2 g5 51. Kd3 Ne1+ {[#]} 52. Ke2 $1 Nc2 53. Kf3 g4+ 54. Ke2 Nd4+ {[#]} 55. Kd3 $1 Ke5 56. Re7+ Ne6 57. Kc4 Kf6 {[#]} 58. Rxe6+ $1 {[%mdl 512]} Kxe6 59. Kxb4 {KPP-KP} Ke5 {White mates.} 60. a4 Ke4 61. a5 Kf3 62. a6 Kxg3 63. a7 Kf2 64. a8=Q g3 65. Qf8+ Ke3 66. Qf1 {Accuracy: White = 68%, Black = 61%.} 1-0

[Event "Stay Safe Play From Home 231"]
[Site "Emanuel Lasker Arena"]
[Date "2020.06.16"]
[Round "6"]
[White "Haxhi Baha"]
[Black "Weltszmerc"]
[Result "0-1"]
[WhiteElo "1997"]
[BlackElo "2111"]
[Annotator "TA"]
[PlyCount "76"]
[EventDate "2020.06.16"]
[EventType "swiss (blitz)"]

{[%evp 13,75,29,26,-22,-13,-34,-18,-39,41,0,7,0,0,0,-1,-58,-70,-61,-35,-111,-122,-107,-73,-135,-141,-193,-198,-202,-163,-183,-196,-215,-217,-249,-206,-384,-383,-1555,-1471,-5581,-5577,-5565,-5565,-5522,-5506,-1576,-258,-1135,-328,-404,-179,-208,-159,-241,-204,-263,-231,-29976,-29977,-12817,-12818,-29998,-29999,-29999]} 1. e4 Nf6 2. Nc3 d5 3. exd5 Nxd5 4. Qf3 c6 5. Bc4 e6 6. Nge2 Nd7 7. d4 Be7 {[#]} 8. h4 $146 {B02: Alekhine's Defence: Chase Variation and lines with early Nc3.} ({Predecessor:} 8. Nxd5 cxd5 9. Bd3 O-O 10. h4 Nf6 11. Bg5 Bd7 12. O-O-O Bc6 13. Ng3 a6 14. Kb1 Bb5 15. Bxf6 Bxf6 {1-0 (24) Ollenberger,R (2238)-Vonthron,H (2345) Germany 2019}) 8... Nxc3 9. Nxc3 Nb6 10. Bd3 {The position is equal.} Nd5 (10... Qxd4 $15 11. Be3 Qb4) 11. Ne4 Nb4 12. c3 Nxd3+ 13. Qxd3 Qd5 14. f3 ({Better is} 14. Bf4 $11) 14... e5 $1 $15 15. Be3 f5 {And now ...exd4 would win.} 16. Ng5 (16. Nf2 $15) 16... h6 $17 17. Nh3 Be6 18. h5 ({White should try} 18. Qe2) 18... O-O-O {[%cal Ba8d8,Bd8d5,Bd5g5][%mdl 32]} 19. O-O (19. Bf2 $17) 19... f4 $19 20. Bf2 Bxh3 $1 21. gxh3 exd4 22. cxd4 Qxh5 23. Kg2 Rd5 24. Rh1 $2 (24. Qe4 {is a better defense.}) 24... Bh4 25. Rag1 $2 (25. Rae1) 25... Rhd8 26. Rd1 Rg5+ 27. Kf1 Bxf2 28. Kxf2 Qh4+ 29. Kf1 Qg3 $2 (29... Re8 30. Qc2 Re3) 30. Rd2 $2 {[#]} (30. Qe2) 30... h5 $2 (30... Rxd4 $1 {[%mdl 512]} 31. Qxd4 Qxf3+ {[%mdl 64] Double Attack} 32. Rf2 Qxh1+ 33. Ke2 Rd5 34. Rxf4 Rxd4 35. Rxd4 Qxh3) 31. h4 {[#]} Rg6 $40 {[%mdl 128] Black has strong attack.} (31... Re8 $142 $1 {[%csl Ge8][%cal Rg3e1][%mdl 512]} 32. Rf2 Re3) 32. Qf5+ Kb8 33. Qe5+ (33. Qh3 $17 {keeps fighting.}) 33... Ka8 34. Rf2 Rgd6 35. Rg1 $2 (35. Qg5 $19) 35... Qh3+ 36. Ke1 Rxd4 37. Rxg7 Rd1+ 38. Ke2 R8d2# {Accuracy: White = 20%, Black = 65%.} 0-1

[Event "Stay Safe Play From Home 231"]
[Site "Emanuel Lasker Arena"]
[Date "2020.06.16"]
[Round "6"]
[White "Don59as"]
[Black "Position"]
[Result "1-0"]
[WhiteElo "1978"]
[BlackElo "2119"]
[Annotator "NA"]
[PlyCount "35"]
[EventDate "2020.06.16"]
[EventType "swiss (blitz)"]

1. c4 {[%emt 0:00:02]} c5 {[%emt 0:00:05]} 2. Nc3 {[%emt 0:00:01]} Nc6 {[%emt 0:00:01]} 3. e4 {[%emt 0:00:01]} d6 {[%emt 0:00:01]} 4. g3 {[%emt 0:00:01]} g6 {[%emt 0:00:01]} 5. Bg2 {[%emt 0:00:00]} Bg7 {[%emt 0:00:00]} 6. Nge2 {[%emt 0:00:01]} Nf6 {[%emt 0:00:00]} 7. O-O {[%emt 0:00:01]} O-O {[%emt 0:00:00]} 8. d4 {[%emt 0:00:01]} cxd4 {[%emt 0:00:01]} 9. Nxd4 {[%emt 0:00:00]} Nxd4 {[%emt 0:00:01]} 10. Qxd4 {[%emt 0:00:01]} Be6 {[%emt 0:00:03]} 11. Qd3 {[%emt 0:00:01]} Rc8 {[%emt 0:00:02]} 12. b3 {[%emt 0:00:01]} a6 {[%emt 0:00:02]} 13. Bb2 {[%emt 0:00:01]} Nd7 {[%emt 0:00:02]} 14. Rac1 {[%emt 0:00:03]} Ne5 {[%emt 0:00:02]} 15. Qd2 {[%emt 0:00:01]} Bh3 {[%emt 0:00:04]} 16. f4 {[%emt 0:00:04]} Bxg2 {[%emt 0:00:01]} 17. Kxg2 {[%emt 0:00:00]} Qb6 {[%emt 0:00:01]} 18. fxe5 {[%emt 0:00:05] Position resigns (Lag: Av=0.72s, max=0.8s)} 1-0

[Event "Stay Safe Play From Home 231"]
[Site "Emanuel Lasker Arena"]
[Date "2020.06.16"]
[Round "6"]
[White "Lucknow"]
[Black "Indianquant"]
[Result "0-1"]
[WhiteElo "1875"]
[BlackElo "2345"]
[Annotator "TA"]
[PlyCount "54"]
[EventDate "2020.06.16"]
[EventType "swiss (blitz)"]

{[%evp 24,54,64,43,45,31,30,32,52,-12,-17,-19,-20,-11,-8,-25,-28,-37,-27,-88,-30,-42,0,-98,-101,-103,-13,-23,0,-39,-26,-662,-651]} 1. d4 Nf6 2. c4 e6 3. Nf3 c5 4. d5 exd5 5. cxd5 d6 6. Nc3 g6 7. e4 a6 8. a4 Bg4 9. Be2 Bxf3 10. Bxf3 Bg7 11. O-O O-O 12. Bf4 Re8 13. Re1 Qc7 {A75: Modern Benoni: Classical: 9...a6 10 a4 Bg4.} 14. Qc2 Nbd7 15. Be2 {[#]} Rac8 $146 {White is slightly better.} ({Predecessor:} 15... h6 16. a5 g5 17. Bg3 Ne5 18. Nd1 Ng6 19. Ra4 Nd7 20. Ne3 Nde5 21. Nf5 Bf8 {½-½ (40) Sobolewski,B (1889)-Malec,R (1830) Ustron 2011}) 16. Bc4 (16. a5 $14) 16... Ne5 $11 17. Bxe5 Rxe5 18. a5 Rb8 19. Ra3 Nd7 20. Rea1 Re7 21. Rb3 (21. Bd3 $11 {keeps the balance.}) 21... h5 (21... Rbe8 $17 22. Bf1 Bd4) 22. h3 h4 23. Raa3 (23. f4 $11) 23... Rbe8 $17 24. Ra1 Ne5 (24... Bxc3 $17 25. bxc3 Rxe4) 25. Bf1 $11 g5 26. f3 c4 27. Rb4 $2 {[%mdl 8192] [#]} (27. Rba3 $11) 27... Qc5+ {[%mdl 64] Double Attack. Accuracy: White = 53%, Black = 71%.} 0-1

[Event "Stay Safe Play From Home 231"]
[Site "Emanuel Lasker Arena"]
[Date "2020.06.16"]
[Round "6"]
[White "Klasman"]
[Black "Haris kollari 13"]
[Result "0-1"]
[WhiteElo "1684"]
[BlackElo "1993"]
[Annotator "NA"]
[PlyCount "62"]
[EventDate "2020.06.16"]
[EventType "swiss (blitz)"]

1. f4 {[%emt 0:00:03]} e6 {[%emt 0:00:01]} 2. e4 {[%emt 0:00:02]} d5 {[%emt 0:00:01]} 3. e5 {[%emt 0:00:01]} c5 {[%emt 0:00:01]} 4. Nf3 {[%emt 0:00:02]} Nc6 {[%emt 0:00:01]} 5. Bb5 {[%emt 0:00:05]} Bd7 {[%emt 0:00:01]} 6. d4 {[%emt 0:00:05]} cxd4 {[%emt 0:00:09]} 7. Bxc6 {[%emt 0:00:02]} bxc6 {[%emt 0:00:01]} 8. Nxd4 {[%emt 0:00:04]} c5 {[%emt 0:00:01]} 9. Ne2 {[%emt 0:00:08]} Nh6 {[%emt 0:00:02]} 10. c3 {[%emt 0:00:05]} Be7 {[%emt 0:00:03]} 11. Nd2 {[%emt 0:00:03]} Nf5 {[%emt 0:00:02]} 12. Nf3 {[%emt 0:00:05]} Bb5 {[%emt 0:00:04]} 13. g4 {[%emt 0:00:09]} Nh6 {[%emt 0:00:02]} 14. h3 {[%emt 0:00:02]} Bh4+ {[%emt 0:00:02]} 15. Kf1 {[%emt 0:00:08]} Be7 {[%emt 0:00:02]} 16. a4 {[%emt 0:00:06]} Ba6 {[%emt 0:00:02]} 17. Kg1 {[%emt 0:00:09]} f6 {[%emt 0:00:08]} 18. f5 {[%emt 0:00:07]} exf5 {[%emt 0:00:08]} 19. Bxh6 {[%emt 0:00:02]} gxh6 {[%emt 0:00:02]} 20. gxf5 {[%emt 0:00:02]} fxe5 {[%emt 0:00:06]} 21. Nxe5 {[%emt 0:00:04]} Rg8+ {[%emt 0:00:01]} 22. Kf1 {[%emt 0:00:05]} Bd6 {[%emt 0:00:03]} 23. Ng4 {[%emt 0:00:07]} Bf4 {[%emt 0:00:16]} 24. Kf2 {[%emt 0:00:15]} Qd6 {[%emt 0:00:07]} 25. Nxf4 {[%emt 0:00:05]} Qxf4+ {[%emt 0:00:02]} 26. Qf3 {[%emt 0:00:01]} Qxf3+ {[%emt 0:00:08]} 27. Kxf3 {[%emt 0:00:01]} O-O-O {[%emt 0:00:01]} 28. Nxh6 {[%emt 0:00:03]} Rgf8 {[%emt 0:00:01]} 29. Rae1 {[%emt 0:00:36]} d4 {[%emt 0:00:02]} 30. Re7 {[%emt 0:00:06]} Bb7+ {[%emt 0:00:05]} 31. Kf4 {[%emt 0:00:04]} Bxh1 {[%emt 0:00:02] Klasman resigns (Lag: Av=0.41s, max=0.6s)} 0-1

[Event "Stay Safe Play From Home 231"]
[Site "Emanuel Lasker Arena"]
[Date "2020.06.16"]
[Round "6"]
[White "Shyamph1980"]
[Black "Timbre"]
[Result "0-1"]
[WhiteElo "1681"]
[BlackElo "1684"]
[Annotator "NA"]
[PlyCount "50"]
[EventDate "2020.06.16"]
[EventType "swiss (blitz)"]

1. e4 {[%emt 0:00:02]} c6 {[%emt 0:00:03]} 2. d4 {[%emt 0:00:02]} d5 {[%emt 0:00:01]} 3. exd5 {[%emt 0:00:00]} cxd5 {[%emt 0:00:02]} 4. c3 {[%emt 0:00:00]} Nc6 {[%emt 0:00:02]} 5. Bd3 {[%emt 0:00:01]} Nf6 {[%emt 0:00:01]} 6. h3 {[%emt 0:00:01]} e5 {[%emt 0:00:03]} 7. dxe5 {[%emt 0:00:02]} Nxe5 {[%emt 0:00:01]} 8. Qe2 {[%emt 0:00:01]} Bd6 {[%emt 0:00:05]} 9. Nf3 {[%emt 0:00:02]} Qc7 {[%emt 0:00:03]} 10. Bf4 {[%emt 0:00:04]} Nfd7 {[%emt 0:00:03]} 11. O-O {[%emt 0:00:03]} O-O {[%emt 0:00:02]} 12. Bxe5 {[%emt 0:00:03]} Nxe5 {[%emt 0:00:02]} 13. Nxe5 {[%emt 0:00:01]} Bxe5 {[%emt 0:00:02]} 14. Qh5 {[%emt 0:00:01]} g6 {[%emt 0:00:04]} 15. Qg5 {[%emt 0:00:06]} Bg7 {[%emt 0:00:03]} 16. Qxd5 {[%emt 0:00:04]} Be6 {[%emt 0:00:05]} 17. Qf3 {[%emt 0:00:04]} Rad8 {[%emt 0:00:03]} 18. Bc2 {[%emt 0:00:04]} Qb6 {[%emt 0:00:02]} 19. b3 {[%emt 0:00:10]} Qc7 {[%emt 0:00:06]} 20. c4 {[%emt 0:00:03]} Bxa1 {[%emt 0:00:07]} 21. Na3 {[%emt 0:00:02]} Bg7 {[%emt 0:00:03]} 22. Nb5 {[%emt 0:00:02]} Qb6 {[%emt 0:00:05]} 23. Re1 {[%emt 0:00:04]} a6 {[%emt 0:00:02]} 24. Na3 {[%emt 0:00:03]} Rd2 {[%emt 0:00:05]} 25. c5 {[%emt 0:00:13]} Qxc5 {[%emt 0:00:08] Shyamph1980 resigns (Lag: Av=0.68s, max=0.9s)} 0-1

[Event "Stay Safe Play From Home 231"]
[Site "Emanuel Lasker Arena"]
[Date "2020.06.16"]
[Round "6"]
[White "Galatasaray01"]
[Black "Fingerfehler1"]
[Result "1-0"]
[WhiteElo "1190"]
[BlackElo "1730"]
[Annotator "NA"]
[PlyCount "43"]
[EventDate "2020.06.16"]
[EventType "swiss (blitz)"]

1. e4 {[%emt 0:00:03]} e5 {[%emt 0:00:03]} 2. Nf3 {[%emt 0:00:02]} Nc6 {[%emt 0:00:02]} 3. d4 {[%emt 0:00:03]} d6 {[%emt 0:00:05]} 4. Nc3 {[%emt 0:00:04]} exd4 {[%emt 0:00:05]} 5. Nxd4 {[%emt 0:00:03]} Nf6 {[%emt 0:00:02]} 6. Bb5 {[%emt 0:00:03]} Bd7 {[%emt 0:00:02]} 7. O-O {[%emt 0:00:02]} Be7 {[%emt 0:00:02]} 8. Bg5 {[%emt 0:00:05]} a6 {[%emt 0:00:06]} 9. Bd3 {[%emt 0:00:07]} Ne5 {[%emt 0:00:03]} 10. Nf3 {[%emt 0:00:14]} Ng6 {[%emt 0:00:04]} 11. e5 {[%emt 0:00:08]} dxe5 {[%emt 0:00:01]} 12. Bxg6 {[%emt 0:00:05]} hxg6 {[%emt 0:00:02]} 13. Nxe5 {[%emt 0:00:04]} Be6 {[%emt 0:00:05]} 14. Qf3 {[%emt 0:00:06]} c6 {[%emt 0:00:22]} 15. Rad1 {[%emt 0:00:08]} Qc7 {[%emt 0:00:01]} 16. Bf4 {[%emt 0:00:05]} Nh5 {[%emt 0:00:08]} 17. Nxg6 {[%emt 0:00:04]} Nxf4 {[%emt 0:00:03]} 18. Nxh8 {[%emt 0:00:02]} Bf6 {[%emt 0:00:27]} 19. Ne4 {[%emt 0:00:20]} Bxb2 {[%emt 0:00:15]} 20. Nc5 {[%emt 0:00:13]} Ke7 {[%emt 0:00:10]} 21. Nxe6 {[%emt 0:00:06]} Nxe6 {[%emt 0:00:03]} 22. Qxf7# {[%emt 0:00:03] (Lag: Av=0.96s, max=1.8s)} 1-0